Textbook of medical treatment. (Record no. 10224)

MARC details
000 -LEADER
fixed length control field 00491cam a2200181 4500
001 - CONTROL NUMBER
control field 6680
005 - DATE AND TIME OF LATEST TRANSACTION
control field 20250411154359.0
008 - FIXED-LENGTH DATA ELEMENTS--GENERAL INFORMATION
fixed length control field 250411b |||||||| |||| 00| 0 eng d
010 ## - LIBRARY OF CONGRESS CONTROL NUMBER
LC control number 2016297775
020 ## - INTERNATIONAL STANDARD BOOK NUMBER
International Standard Book Number 0443020256
082 ## - DEWEY DECIMAL CLASSIFICATION NUMBER
Classification number 636.08902 ALS
100 ## - MAIN ENTRY--PERSONAL NAME
Relator code Alstead, Stanley.
245 04 - TITLE STATEMENT
Title Textbook of medical treatment.
250 ## - EDITION STATEMENT
Edition statement 14th ed.
264 #1 - PRODUCTION, PUBLICATION, DISTRIBUTION, MANUFACTURE, AND COPYRIGHT NOTICE
Place of production, publication, distribution, manufacture Hong Kong :
Name of producer, publisher, distributor, manufacturer Singapore Offset Printing Pte Ltd. ,
Date of production, publication, distribution, manufacture, or copyright notice 1979.
300 ## - PHYSICAL DESCRIPTION
Extent xii, 495 p. :
Dimensions 26 cm.
Other physical details ill. ;
942 ## - ADDED ENTRY ELEMENTS (KOHA)
Source of classification or shelving scheme Dewey Decimal Classification
Koha item type Main
Holdings
Withdrawn status Lost status Source of classification or shelving scheme Damaged status Not for loan Collection code Home library Current library Shelving location Date acquired Inventory number Total Checkouts Full call number Barcode Date last seen Price effective from Koha item type Public note
    Dewey Decimal Classification     Main TEST RTC Library RTC Library Main opac 11/04/2025 19275   636.08902 ALS 30020488 11/04/2025 11/04/2025 Main Donated by Sonam Peldon, Faculty.
Royal Thimphu College || All Right Reserved